banner koha

Densidade de estocagem na produção de juvenis de duas espécies de lambaris em sistema de recirculação (Registro n. 329364)

MARC details
000 -LÍDER
fixed length control field 01639nab a2200253 i 4500
003 - CÓDIGO MARC DA AGÊNCIA CATALOGADORA
Campo de controle BR-BrBNA
005 - DATA E HORA DA ÚLTIMA ATUALIZAÇÃO
Campo de controle 20241219142258.0
008 - CAMPO DE TAMANHO FIXO
fixed length control field 241219b2015 bl.|r|pooa||| 00| 0 por |
040 ## - FONTE DA CATALOGAÇÃO
Agência catalogadora BR-BrBNA
Idioma da catalogação por
072 ## - CATEGORIA AGRIS
Código AGRIS M12
Código do objeto 8140
100 ## - ENTRADA PRINCIPAL - NOME PESSOAL
Nome pessoal Jatobá, A.
100 ## - ENTRADA PRINCIPAL - NOME PESSOAL
Nome pessoal Silva, B.C.
245 ## - TÍTULO PRINCIPAL
Título principal Densidade de estocagem na produção de juvenis de duas espécies de lambaris em sistema de recirculação
500 ## - NOTA GERAL
Nota geral <br/>Publicação online; 16 ref.; Summary (En)
942 ## - ADDED ENTRY ELEMENTS (KOHA)
Koha item type Analítica
520 ## - NOTA DE RESUMO
Nota de conteúdo <br/><br/><br/>ABSTRACT - The aim of this study was to evaluate the stocking density for juveniles for two different species of characins (Astyanax bimaculatus and A. scabripinnis) in a recirculation system. An experiment was carried out with each type in which twelve tanks in each experiment were divided into four treatments (0.25, 0.75, 2.25 and 6.75 fish.L-1), in triplicate. At the end of cultures the stocking density 0.75 fish.L-1 showed greater weekly growth and final weight, for both species, and it is recommended for cultivation under similar conditions.<br/><br/><br/>Keywords: Astyanax bimaculatus, A. scabripinnis, zootechnical performance, yield
650 ## - ASSUNTO - THESAGRO
Cabeçalho tópico ou nome geográfico LAMBARI
650 ## - ASSUNTO - THESAGRO
Cabeçalho tópico ou nome geográfico PEIXE DE ÁGUA DOCE
650 ## - ASSUNTO - THESAGRO
Cabeçalho tópico ou nome geográfico PRODUÇÃO ANIMAL
650 ## - ASSUNTO - THESAGRO
Cabeçalho tópico ou nome geográfico PISCICULTURA
773 0# - ENTRADA ANALÍTICA
Host Biblionumber 1643
Registro do item 315896
Imprenta Belo Horizonte-MG Universidade Federal de Minas Gerais - Escola de Veterinaria 1983
Outro identificador 2024-2261
Título Arquivo Brasileiro de Medicina Veterinária e Zootecnia (Brazil)
ISSN 0102-0935
Colação v. 67(5) p. 1469-1474; (2015)
Número de controle de registro BR2024004020
856 ## - ACESSO E ENDEREÇO ELETRÔNICO
Identificador uniforme de recurso - URI https://www.scielo.br/j/abmvz/a/xBSvTmN4HXXYqjYFf7jMX4r/?format=pdf&lang=pt

Nenhum exemplar disponível.

BINAGRI

Telefone: (61)3218-2567/2388/3357/2097 - binagri@agro.gov.br

Ministério da Agricultura e Pecuária , Esplanada dos Ministérios, Bloco D, Anexo B, Brasília/DF, CEP: 70.043-900